000 00216nam a22001217a 4500
040 _cSK
082 _a791
100 _aNA
245 _aForest climatology
260 _aNA
_bNA
_c2011
300 _a141p.
942 _cEK
999 _c9398
_d9398